Sub-regional relations in the eastern South Asia: with special focus on India's north eastern region (Record no. 21884)
[ view plain ]
| 000 -LEADER | |
|---|---|
| fixed length control field | 00703nam a2200205Ia 4500 |
| 082 ## - DEWEY DECIMAL CLASSIFICATION NUMBER | |
| Classification number | 327.09541 SUB- SL1 |
| 245 #0 - TITLE STATEMENT | |
| Title | Sub-regional relations in the eastern South Asia: with special focus on India's north eastern region |
| 260 ## - PUBLICATION, DISTRIBUTION, ETC. (IMPRINT) | |
| Place of publication | Japan |
| Name of publisher | Institute of Developing Economies |
| Year of publication | 2005 |
| 300 ## - PHYSICAL DESCRIPTION | |
| Number of Pages | vii, 320 |
| 440 ## - SERIES STATEMENT/ADDED ENTRY--TITLE | |
| Title | Joint Research Programe Series; 133 |
| 650 ## - SUBJECT ADDED ENTRY--TOPICAL TERM | |
| Topical Term | Regional planning |
| Form subdivision | India, North East |
| 650 ## - SUBJECT ADDED ENTRY--TOPICAL TERM | |
| Topical Term | India, North East |
| Form subdivision | Foreign economic relations |
| 650 ## - SUBJECT ADDED ENTRY--TOPICAL TERM | |
| Topical Term | Economics |
| 650 ## - SUBJECT ADDED ENTRY--TOPICAL TERM | |
| Topical Term | India, North East |
| Form subdivision | Foreign relations |
| 650 ## - SUBJECT ADDED ENTRY--TOPICAL TERM | |
| Topical Term | Foreign economic relations |
| 700 ## - ADDED ENTRY--PERSONAL NAME | |
| Personal name | Inoue, Kyoko |
| 700 ## - ADDED ENTRY--PERSONAL NAME | |
| Personal name | Hazarika, Sanjoy |
| 700 ## - ADDED ENTRY--PERSONAL NAME | |
| Personal name | Murayama, Mayumi |
| 942 ## - ADDED ENTRY ELEMENTS (KOHA) | |
| Koha item type | Books |
| Withdrawn status | Lost status | Damaged status | Not for loan | Home library | Current library | Date acquired | Source of acquisition | Bill Date | Full call number | Accession Number | Price effective from | Koha item type |
|---|---|---|---|---|---|---|---|---|---|---|---|---|
| NASSDOC Library | NASSDOC Library | 10/05/2005 | Gifted by : Chairman's Secretariat, ICSS | 2005-04-01 | 327.09541 SUB- SL1 | 40668 | 18/04/2019 | Books |
